Explaining South Asia's development success the role of good policies /

Bibliographic Details
Main Author: Ahmed, Sadiq.
Corporate Author: ProQuest (Firm)
Format: Electronic eBook
Language:English
Published: Washington, DC : World Bank, c2006.
Subjects:
Online Access:Click to View
LEADER 01353nam a2200373Ia 4500
001 EBC459312
003 MiAaPQ
005 20200520144314.0
006 m o d |
007 cr cn|||||||||
008 060524s2006 dcua sb i001 0 eng d
010 |z  2006047372 
020 |z 0821365991 
020 |a 0821366009 (electronic bk.) 
035 |a (MiAaPQ)EBC459312 
035 |a (Au-PeEL)EBL459312 
035 |a (CaPaEBR)ebr10132032 
035 |a (CaONFJC)MIL51627 
035 |a (OCoLC)70706069 
040 |a MiAaPQ  |c MiAaPQ  |d MiAaPQ 
050 4 |a HC430.6  |b .A67 2006 
082 0 4 |a 338.954  |2 22 
100 1 |a Ahmed, Sadiq. 
245 1 0 |a Explaining South Asia's development success  |h [electronic resource] :  |b the role of good policies /  |c Sadiq Ahmed. 
260 |a Washington, DC :  |b World Bank,  |c c2006. 
300 |a xi, 99 p. :  |b ill. 
504 |a Includes bibliographical references (p. 87-93) and index. 
533 |a Electronic reproduction. Ann Arbor, MI : ProQuest, 2015. Available via World Wide Web. Access may be limited to ProQuest affiliated libraries. 
650 0 |a Economics. 
651 0 |a South Asia  |x Economic policy. 
651 0 |a South Asia  |x Economic conditions. 
655 4 |a Electronic books. 
710 2 |a ProQuest (Firm) 
856 4 0 |u https://ebookcentral.proquest.com/lib/matrademy/detail.action?docID=459312  |z Click to View